| 000 | 00837nam a2200241 a 4500 | ||
|---|---|---|---|
| 001 | 48515 | ||
| 003 | BD-RjUL | ||
| 005 | 20211209054534.0 | ||
| 008 | 160814s1976 bg ||||| |||| 00| f ben d | ||
| 020 | _c: Tk. 9.00 | ||
| 035 | _a(BD-RjUL)48634 | ||
| 040 |
_aBD-RjUL _bben _cBD-RjUL |
||
| 041 | _aben | ||
| 082 |
_223 _a891.4393 _bEKT 1976 |
||
| 245 | 0 | 0 |
_aএক টুকরো মিছরি / _cঅনুবাদ জাফর আলম |
| 260 |
_aঢাকা : _bমুক্তধারা, _c১৯৭৬ |
||
| 300 |
_a১৩৪ পৃ. ; _c১৯ সেমি |
||
| 500 | _a[মান্টোর ছোটগল্প সংকলন] | ||
| 650 |
_aউর্দু উপন্যাস _9121925 |
||
| 650 |
_aUrdu Fiction _9121922 |
||
| 700 |
_aআলম, জাফ্ অনুবাদক _9146656 |
||
| 942 |
_2ddc _cBK |
||
| 999 |
_c48515 _d48515 |
||